[Event "ICS rated blitz match"]
[Site "204.178.125.65"]
[Date "2001.09.24"]
[Round "?"]
[White "Hossa"]
[Black "IgorIvanov"]
[Result "1-0"]
[WhiteElo "2597"]
[BlackElo "2534"]
[PlyCount "83"]
[EventDate "2001.??.??"]

1. d4 Nf6 2. c4 e6 3. Nf3 d5 4. Bg5 Nbd7 5. e3 h6 6. Bxf6 Nxf6 7. Nc3 Be7 8.
Bd3 O-O 9. c5 b6 10. c6 Bd6 11. O-O a5 12. Nb5 Ba6 13. Nxd6 Qxd6 14. Bxa6 Rxa6
15. Ne5 a4 16. f3 Ra5 17. Qe1 Rb5 18. Qf2 Qb4 19. Rab1 Ra8 20. Rfd1 Qe7 21. Qh4
Qd8 22. Rd2 Ne8 23. Qe1 Nd6 24. Rdd1 Raa5 25. b3 axb3 26. axb3 Ra2 27. b4 Nc4
28. Nd3 Qg5 29. Nf4 Na3 30. Rb3 Nc2 31. Qc3 Qf5 32. Rd2 g5 33. Nd3 Nxb4 34.
Nxb4 Rxd2 35. Qxd2 Ra5 36. Qd3 Ra1+ 37. Kf2 Qf6 38. Ra3 Rc1 39. Ra8+ Kg7 40.
Qa3 g4 41. Qxc1 Qh4+ 42. Kg1 {IgorIvanov resigns} 1-0

[Event "ICS rated blitz match"]
[Site "204.178.125.65"]
[Date "2001.09.24"]
[Round "?"]
[White "IgorIvanov"]
[Black "Hossa"]
[Result "1-0"]
[WhiteElo "2532"]
[BlackElo "2610"]
[PlyCount "143"]
[EventDate "2001.??.??"]

1. d4 Nf6 2. c4 e6 3. Nf3 b6 4. Nc3 Bb7 5. Bg5 Bb4 6. e3 h6 7. Bh4 g5 8. Bg3
Ne4 9. Qc2 h5 10. Bd3 Nxg3 11. hxg3 c5 12. Be4 Bxe4 13. Qxe4 Nc6 14. d5 Bxc3+
15. bxc3 f5 16. Qd3 g4 17. dxc6 gxf3 18. cxd7+ Qxd7 19. Qxd7+ Kxd7 20. gxf3 Rh7
21. a4 Rah8 22. Rh4 e5 23. Ke2 Ke7 24. Rd1 Kf6 25. Rd6+ Ke7 26. Rd5 Kf6 27. a5
Ke6 28. e4 f4 29. gxf4 exf4 30. axb6 axb6 31. Rf5 Ra7 32. Rhxf4 Ra2+ 33. Ke3
Rc2 34. Rf6+ Ke7 35. Rf7+ Ke8 36. Rb7 Rh6 37. Rff7 Rxc3+ 38. Kf4 h4 39. Rbe7+
Kd8 40. Ra7 Ke8 41. Rfe7+ Kf8 42. Reb7 Re6 43. Ra8+ Re8 44. Rxe8+ Kxe8 45. Rxb6
Rxc4 46. Rh6 Rc2 47. Rxh4 Rxf2 48. Rh5 Rc2 49. Ke5 Kd7 50. Kd5 c4 51. Rh7+ Kd8
52. f4 c3 53. Rh3 Rf2 54. f5 c2 55. Rc3 Rd2+ 56. Ke6 Re2 57. e5 c1=Q 58. Rxc1
Ra2 59. f6 Ra6+ 60. Kf7 Ra7+ 61. Kg6 Ra2 62. e6 Ra8 63. Kf7 Ra7+ 64. e7+ Kd7
65. e8=Q+ Kd6+ 66. Kg6 Rc7 67. Rxc7 Kxc7 68. Qe6 Kb7 69. f7 Kc7 70. f8=Q Kb7
71. Qfe7+ Kb8 72. Qg8# {Hossa checkmated} 1-0

[Event "ICS rated blitz match"]
[Site "204.178.125.65"]
[Date "2001.09.24"]
[Round "?"]
[White "Hossa"]
[Black "Goteborg"]
[Result "0-1"]
[WhiteElo "2590"]
[BlackElo "2773"]
[PlyCount "150"]
[EventDate "2001.??.??"]

1. e4 c5 2. Nf3 d6 3. d4 cxd4 4. Nxd4 Nf6 5. Nc3 a6 6. Be2 e5 7. Nb3 Be7 8. Bg5
O-O 9. Bxf6 Bxf6 10. Nd5 Nc6 11. O-O Bg5 12. Qd3 a5 13. Nd2 f5 14. Rad1 Be6 15.
Bf3 Nd4 16. exf5 Nxf3+ 17. Nxf3 Bxf5 18. Qb3 a4 19. Qc4 b5 20. Qc7 Rc8 21. Qxd8
Bxd8 22. Ne3 Be7 23. Nxf5 Rxf5 24. Rd2 Rf4 25. a3 g5 26. c3 g4 27. Ne1 Kf7 28.
Nd3 Rf5 29. Nb4 Ke6 30. Rd5 e4 31. Rxf5 Kxf5 32. Rd1 Rc5 33. Rd4 Ke5 34. Kf1
Bg5 35. Rd1 h5 36. Kg1 Ke6 37. Re1 d5 38. Kf1 Rc4 39. Rd1 d4 40. Rxd4 Rxd4 41.
cxd4 Bc1 42. Nc2 Bxb2 43. Ke2 Kd5 44. Ke3 Bc1+ 45. Ke2 Bxa3 46. Nxa3 b4 47. Nc2
b3 48. Na3 Kxd4 49. Kd2 h4 50. h3 g3 51. fxg3 e3+ 52. Ke2 Kc3 53. Kxe3 Kb4 54.
Nb1 a3 55. Nxa3 Kxa3 56. gxh4 b2 57. g3 b1=Q 58. Kf4 Qg6 59. g4 Qf6+ 60. Kg3
Qh6 61. h5 Qd2 62. Kf3 Qh2 63. Ke4 Kb3 64. h6 Qxh3 65. g5 Qg4+ 66. Kd3 Qxg5 67.
h7 Qf5+ 68. Ke3 Qxh7 69. Kf2 Qh4+ 70. Kg1 Qg4+ 71. Kh1 Kc3 72. Kh2 Kd3 73. Kh1
Ke2 74. Kh2 Kf1 75. Kh1 Qg1# {Hossa checkmated} 0-1

[Event "ICS rated blitz match"]
[Site "204.178.125.65"]
[Date "2001.09.24"]
[Round "?"]
[White "Ran"]
[Black "Hossa"]
[Result "0-1"]
[WhiteElo "2024"]
[BlackElo "2582"]
[PlyCount "63"]
[EventDate "2001.??.??"]

1. e4 c5 2. Nf3 Nc6 3. Bb5 g6 4. O-O Bg7 5. Re1 e5 6. Bxc6 dxc6 7. d3 Qe7 8. a4
Bd7 9. a5 Nf6 10. Nbd2 Nh5 11. Nc4 f6 12. h3 O-O 13. Be3 Be6 14. Na3 Rfd8 15.
Qd2 c4 16. g4 Nf4 17. Bxf4 exf4 18. d4 Bh6 19. c3 Qf7 20. Qe2 b5 21. axb6 axb6
22. Nc2 Rxa1 23. Rxa1 Re8 24. Kh2 Bd5 25. Nd2 f3 26. Qxf3 Bxd2 27. exd5 cxd5
28. Nb4 Rd8 29. Ra6 Qe6 30. Kg2 Bg5 31. Ra7 Bc1 32. Kf1 {Ran resigns} 0-1

[Event "ICS rated blitz match"]
[Site "204.178.125.65"]
[Date "2001.09.24"]
[Round "?"]
[White "Hossa"]
[Black "libertad"]
[Result "1-0"]
[WhiteElo "2583"]
[BlackElo "2247"]
[PlyCount "29"]
[EventDate "2001.??.??"]

1. d4 d5 2. e3 Nf6 3. Bd3 Nc6 4. Bd2 e6 5. Nf3 Bd6 6. Nc3 O-O 7. Nb5 a6 8. Nxd6
Qxd6 9. O-O Re8 10. Bc3 Ne4 11. Bxe4 dxe4 12. Ng5 f5 13. Qh5 h6 14. Qf7+ Kh8
15. Qxe8+ {libertad resigns} 1-0

[Event "ICS rated blitz match"]
[Site "204.178.125.65"]
[Date "2001.09.24"]
[Round "?"]
[White "libertad"]
[Black "Hossa"]
[Result "0-1"]
[WhiteElo "2243"]
[BlackElo "2587"]
[PlyCount "88"]
[EventDate "2001.??.??"]

1. e4 d5 2. exd5 Nf6 3. Nc3 Nxd5 4. Nf3 Nxc3 5. bxc3 Nc6 6. Bc4 e6 7. O-O Be7
8. a4 O-O 9. Ba3 Bxa3 10. Rxa3 e5 11. d4 Bg4 12. Be2 exd4 13. cxd4 Qd6 14. Rb3
Bxf3 15. Bxf3 Nxd4 16. Rxb7 Qc5 17. h3 Rfe8 18. Rb5 Nxb5 19. Bxa8 Rxa8 20. axb5
Qxb5 21. Qd4 a5 22. c4 Qe8 23. Ra1 a4 24. c5 a3 25. Qc3 a2 26. Qb3 Qa4 27. Qxa4
Rxa4 28. Kf1 Ra6 29. Ke2 f5 30. Kd3 Kf7 31. Kc3 Ke6 32. Kc4 g5 33. Kb5 Ra7 34.
Kc6 Ke5 35. Kd7 Kd4 36. c6 Kc3 37. Kc8 Kb2 38. Re1 Kb3 39. Kb8 a1=R 40. Rxa1
Rxa1 41. Kxc7 Ka4 42. Kd8 Rd1+ 43. Ke7 Rc1 44. Kd7 Kb5 {libertad resigns} 0-1

[Event "ICS rated blitz match"]
[Site "204.178.125.65"]
[Date "2001.09.24"]
[Round "?"]
[White "Hossa"]
[Black "libertad"]
[Result "1-0"]
[WhiteElo "2591"]
[BlackElo "2239"]
[PlyCount "57"]
[EventDate "2001.??.??"]

1. d4 d5 2. Nf3 Nf6 3. c4 g6 4. cxd5 Bg7 5. Bg5 O-O 6. Bxf6 Bxf6 7. e4 Bg4 8.
Nc3 c6 9. Qd2 Qb6 10. Ne5 Bc8 11. Be2 Nd7 12. Nf3 Bg7 13. O-O Nf6 14. dxc6 bxc6
15. Rac1 Bg4 16. Ne5 Bxe2 17. Qxe2 Rab8 18. Nd1 Rfc8 19. Qc4 e6 20. Nxc6 Rc7
21. d5 exd5 22. exd5 Rbc8 23. Nc3 Kh8 24. b3 Nh5 25. Na4 Qb7 26. Nc5 Qb6 27. a4
a5 28. b4 axb4 29. a5 {libertad resigns} 1-0

[Event "ICS rated blitz match"]
[Site "204.178.125.65"]
[Date "2001.09.24"]
[Round "?"]
[White "Goteborg"]
[Black "Hossa"]
[Result "1-0"]
[WhiteElo "2791"]
[BlackElo "2595"]
[PlyCount "151"]
[EventDate "2001.??.??"]

1. e4 d5 2. exd5 Nf6 3. Nf3 Nxd5 4. Bc4 e6 5. O-O Bd6 6. Bxd5 exd5 7. Qe2+ Be7
8. Re1 Nc6 9. b4 O-O 10. b5 Bf6 11. c3 Ne7 12. d4 a6 13. Bg5 Bxg5 14. Nxg5 Ng6
15. Nf3 axb5 16. Qxb5 b6 17. Nbd2 Ba6 18. Qc6 Ra7 19. Re3 Nf4 20. g3 Nh3+ 21.
Kg2 Bc8 22. Re5 Bb7 23. Qb5 f6 24. Re6 Bc8 25. Qe2 Bd7 26. c4 c6 27. cxd5 cxd5
28. Nb3 Rf7 29. Rd6 Qc7 30. Rxd5 g6 31. Re1 Ra8 32. Nbd2 Bc6 33. Rc1 Ng5 34. h4
Nxf3 35. Nxf3 Ra3 36. Kh2 Kf8 37. Ne1 Re7 38. Qc4 Bxd5 39. Qxc7 Rxc7 40. Rxc7
Rxa2 41. Nd3 Be4 42. Nf4 Rxf2+ 43. Kg1 Rf3 44. d5 h5 45. Ne6+ Kg8 46. d6 Rxg3+
47. Kf2 Rd3 48. d7 g5 49. hxg5 fxg5 50. Nxg5 Bf5 51. Rc8+ Kg7 52. d8=Q Rxd8 53.
Rxd8 h4 54. Nf3 h3 55. Kg3 Kf7 56. Ng5+ Kf6 57. Nxh3 b5 58. Rd5 b4 59. Rb5 Bc2
60. Rxb4 Ke5 61. Kf3 Bd3 62. Ke3 Bf5 63. Rb5+ Kf6 64. Nf4 Bc2 65. Kd4 Bd1 66.
Nd5+ Ke6 67. Rb6+ Kd7 68. Ke5 Bf3 69. Rd6+ Kc8 70. Kd4 Bd1 71. Kc5 Bg4 72. Kc6
Kb8 73. Kb6 Bh3 74. Rd8+ Bc8 75. Ne7 Ka8 76. Rxc8# {Hossa checkmated} 1-0

[Event "ICS rated blitz match"]
[Site "204.178.125.65"]
[Date "2001.09.24"]
[Round "?"]
[White "Hossa"]
[Black "Bernardov"]
[Result "0-1"]
[WhiteElo "2587"]
[BlackElo "2134"]
[PlyCount "118"]
[EventDate "2001.??.??"]

1. e4 c5 2. Nf3 d6 3. d4 cxd4 4. Nxd4 Nf6 5. Nc3 Nc6 6. g3 e6 7. Be3 Be7 8. Be2
O-O 9. f4 a6 10. O-O Qc7 11. Rf2 Bd7 12. Qf1 b5 13. Bf3 Rab8 14. Nb3 b4 15. Nb1
a5 16. c4 a4 17. Nd4 Rfc8 18. Nb5 Qa5 19. Rd2 d5 20. exd5 exd5 21. Bxd5 Nxd5
22. Rxd5 Be6 23. Rd2 Ne5 24. Na7 Nxc4 25. Nxc8 Rxc8 26. Re2 Nxe3 27. Rxe3 Bc5
28. Qf3 Qb6 29. Kg2 Bxe3 30. f5 Rc2+ 31. Kh3 Bc8 32. Qh5 g6 33. Qf3 gxf5 34.
Qh5 f4+ 35. g4 Qg6 36. Qxg6+ fxg6 37. a3 h5 38. Nc3 Bxg4+ 39. Kh4 Kg7 40. h3
Bf5 41. Ne4 Bxe4 42. Rg1 Bf5 43. Kg5 f3+ 44. Kh4 Kh6 45. Kg3 g5 46. Rf1 g4 47.
hxg4 hxg4 48. Rxf3 gxf3 49. Kxf3 Bd4 50. Kf4 Bg6 51. Kg3 Bxb2 52. Kf4 Rc4+ 53.
Ke3 bxa3 54. Kf3 a2 55. Ke2 a1=Q 56. Kf2 Qd1 57. Kg2 Rg4+ 58. Kh3 Qf3+ 59. Kh2
Qg2# {Hossa checkmated} 0-1

[Event "ICS rated blitz match"]
[Site "204.178.125.65"]
[Date "2001.09.24"]
[Round "?"]
[White "tictoc"]
[Black "Hossa"]
[Result "0-1"]
[WhiteElo "2222"]
[BlackElo "2557"]
[PlyCount "98"]
[EventDate "2001.??.??"]

1. c4 g6 2. g3 Bh6 3. Bg2 Nf6 4. Nc3 c6 5. e4 d5 6. exd5 cxd5 7. Nxd5 Nxd5 8.
Bxd5 e6 9. Bg2 O-O 10. Nf3 Nc6 11. O-O e5 12. Re1 Bg7 13. d3 Bf5 14. Bf1 Qd7
15. Bg5 f6 16. Be3 Rfd8 17. Qb3 Bf8 18. Nh4 Be6 19. Red1 Bg4 20. f3 Nd4 21.
Bxd4 Qxd4+ 22. Kh1 Bc8 23. Qc3 Bc5 24. Qxd4 Bxd4 25. Rab1 Bd7 26. b4 a5 27. b5
Kf7 28. Re1 Bf2 29. Re2 Bc5 30. Ng2 Bf5 31. Ne1 g5 32. Bg2 Rxd3 33. Nxd3 Bxd3
34. Rbe1 Bxe2 35. Rxe2 Rd8 36. Bf1 Ke6 37. Kg2 f5 38. a4 Rd1 39. g4 fxg4 40.
fxg4 Ra1 41. Rd2 Rxa4 42. Bd3 Kf6 43. Bxh7 Rxc4 44. Rd7 Rxg4+ 45. Kf3 Rf4+ 46.
Kg3 e4 47. Rxb7 e3 48. Bd3 Rf2 49. Rc7 Bd6+ {tictoc resigns} 0-1

[Event "ICS rated blitz match"]
[Site "204.178.125.65"]
[Date "2001.09.24"]
[Round "?"]
[White "Hossa"]
[Black "tictoc"]
[Result "1/2-1/2"]
[WhiteElo "2561"]
[BlackElo "2218"]
[PlyCount "126"]
[EventDate "2001.??.??"]

1. d4 Nf6 2. c4 e6 3. Nf3 Bb4+ 4. Nc3 Bxc3+ 5. bxc3 b6 6. g3 Bb7 7. Bg2 d6 8.
O-O c5 9. Bf4 O-O 10. Qd2 Nc6 11. Ng5 Na5 12. Bxb7 Nxb7 13. Qd3 Qe7 14. Nf3
Rfd8 15. Bg5 h6 16. Bxf6 Qxf6 17. Rfe1 Rac8 18. Red1 Na5 19. Nd2 Qe7 20. Nb3
Nc6 21. e4 e5 22. Rac1 Qb7 23. f4 Qa6 24. d5 Ne7 25. fxe5 dxe5 26. Rc2 Rd7 27.
Rf1 Re8 28. Rb2 Nc8 29. Nd2 Nd6 30. Qe2 f6 31. Rf2 Rf7 32. Kh1 g6 33. Qe3 Kg7
34. g4 Qa4 35. Qe2 Rh8 36. Kg1 h5 37. gxh5 Rxh5 38. Rf3 Rf8 39. Rg3 Rfh8 40.
Rg2 Rh3 41. Qg4 Qe8 42. Rb3 R8h4 43. Qe2 Qa4 44. Nf3 Rxe4 45. Rxg6+ Kxg6 46.
Qg2+ Kf7 47. Qxh3 Qxa2 48. Qh7+ Kf8 49. Qh8+ Ke7 50. Qh3 f5 51. Qh7+ Nf7 52.
Qxf5 Re2 53. Qe6+ Kf8 54. Qc8+ Kg7 55. Qg4+ Kf6 56. Qe6+ Kg7 57. Qg4+ Kf8 58.
Qc8+ Kg7 59. Qg4+ Kf8 60. Qc8+ Kg7 61. Qg4+ Kf8 62. Qc8+ Kg7 63. Qg4+ Kf8 {
Game drawn by repetition} 1/2-1/2

[Event "ICS rated blitz match"]
[Site "204.178.125.65"]
[Date "2001.09.24"]
[Round "?"]
[White "tictoc"]
[Black "Hossa"]
[Result "0-1"]
[WhiteElo "2230"]
[BlackElo "2549"]
[PlyCount "74"]
[EventDate "2001.??.??"]

1. e4 e6 2. d4 d5 3. Nd2 Nc6 4. Bb5 a6 5. Bxc6+ bxc6 6. Ngf3 c5 7. dxc5 dxe4 8.
Nxe4 Qxd1+ 9. Kxd1 Bb7 10. Re1 Rd8+ 11. Bd2 Nf6 12. Nxf6+ gxf6 13. Kc1 Bxc5 14.
Be3 Bxf3 15. gxf3 Bxe3+ 16. Rxe3 Rg8 17. b4 Rg2 18. Rc3 Rxh2 19. Rxc7 Rxf2 20.
Kb2 h5 21. Rh1 Rd5 22. Rh3 a5 23. a3 Rf5 24. Rc3 axb4 25. axb4 Rf4 26. Kb3 h4
27. Rd3 Rg2 28. b5 Rg1 29. Kb2 Rg3 30. Rh1 h3 31. b6 Rb4+ 32. Rb3 Rxb3+ 33.
cxb3 Kd7 34. Rc1 h2 35. b7 Rg8 36. Rh1 Rg2+ 37. Kc3 Kc7 {tictoc resigns} 0-1

[Event "ICS rated blitz match"]
[Site "204.178.125.65"]
[Date "2001.09.24"]
[Round "?"]
[White "Hossa"]
[Black "tictoc"]
[Result "1-0"]
[WhiteElo "2553"]
[BlackElo "2226"]
[PlyCount "79"]
[EventDate "2001.??.??"]

1. d4 Nf6 2. c4 e6 3. Nf3 Bb4+ 4. Nbd2 d5 5. a3 Be7 6. e3 O-O 7. Bd3 Nbd7 8. b3
c5 9. O-O cxd4 10. exd4 b6 11. Bb2 Bb7 12. Qc2 Rc8 13. Bc3 Qc7 14. Bb4 Bd6 15.
Rfe1 Rfd8 16. g3 Nf8 17. Rec1 Qb8 18. Rd1 Qa8 19. Bxd6 Rxd6 20. c5 Rdd8 21. b4
bxc5 22. bxc5 a5 23. Rac1 Ba6 24. Ne5 Bxd3 25. Qxd3 N8d7 26. Ndf3 Nxe5 27. Nxe5
Nd7 28. Re1 Nxe5 29. Rxe5 Rb8 30. Rh5 g6 31. Rh4 Qc6 32. Qd2 Qa4 33. Qh6 Qxa3
34. Qxh7+ Kf8 35. Qh6+ Ke8 36. Qf4 Rbc8 37. Re1 Rc6 38. Rh7 Rd7 39. Rh8+ Ke7
40. Qh4+ {tictoc resigns} 1-0

[Event "ICS rated blitz match"]
[Site "204.178.125.65"]
[Date "2001.09.24"]
[Round "?"]
[White "Hossa"]
[Black "tictoc"]
[Result "1/2-1/2"]
[WhiteElo "2561"]
[BlackElo "2218"]
[PlyCount "191"]
[EventDate "2001.??.??"]

1. e4 e6 2. d4 d5 3. Nc3 Be7 4. Bd3 Nf6 5. e5 Nfd7 6. Nf3 c5 7. dxc5 Nc6 8. O-O
Ndxe5 9. Nxe5 Nxe5 10. Be3 Nd7 11. Bb5 O-O 12. c6 Nc5 13. cxb7 Bxb7 14. Qh5 a6
15. Bxc5 Bxc5 16. Bd3 g6 17. Qh6 e5 18. Rfe1 e4 19. Be2 Qf6 20. Nd1 d4 21. Rc1
Rad8 22. Bg4 Rfe8 23. Ra1 Bf8 24. Qd2 h5 25. Bh3 Qh4 26. Kf1 Bg7 27. a4 Be5 28.
Qb4 Ba8 29. Kg1 f5 30. Qc4+ Kg7 31. Qxa6 Rf8 32. Qf1 Qe7 33. f4 exf3 34. gxf3
Qd6 35. Qg2 d3 36. cxd3 Bd4+ 37. Kh1 Qf4 38. Rf1 Rde8 39. Nc3 Re3 40. Ne2 Qe5
41. Nxd4 Qxd4 42. Ra3 Qf4 43. d4 Rxa3 44. bxa3 Re8 45. Qg3 Qxg3 46. hxg3 Re3
47. Ra1 Rd3 48. Bg2 Rxd4 49. f4 Bxg2+ 50. Kxg2 Rxa4 51. Kf3 Kf6 52. Kg2 h4 53.
Ra2 hxg3 54. Kxg3 g5 55. fxg5+ Kxg5 56. Kf3 f4 57. Rg2+ Kf5 58. Rg7 Rxa3+ 59.
Kf2 Ra2+ 60. Kf1 Ke4 61. Re7+ Kf3 62. Kg1 Ra1+ 63. Kh2 Kf2 64. Rc7 Re1 65. Rc2+
Re2 66. Rc1 f3 67. Kh3 Re1 68. Rc2+ Re2 69. Rc3 Rd2 70. Kg4 Rd4+ 71. Kh3 Rd6
72. Rc2+ Ke3 73. Kg3 Rg6+ 74. Kh2 f2 75. Rc1 Rg5 76. Rb1 Ke2 77. Rb2+ Kf3 78.
Rb3+ Ke4 79. Rb4+ Kd3 80. Rb3+ Ke2 81. Rb2+ Kf3 82. Rb3+ Kf4 83. Rb1 Ke3 84.
Kh1 Ke2 85. Rb2+ Ke1 86. Rb1+ Kd2 87. Ra1 Rg4 88. Ra2+ Ke3 89. Ra3+ Ke2 90.
Ra2+ Kf3 91. Ra3+ Ke2 92. Ra2+ Ke1 93. Ra1+ Kd2 94. Kh2 Rg1 95. Rxg1 fxg1=Q+
96. Kxg1 {Game drawn because neither player has mating material} 1/2-1/2

[Event "ICS rated blitz match"]
[Site "204.178.125.65"]
[Date "2001.09.24"]
[Round "?"]
[White "tictoc"]
[Black "Hossa"]
[Result "1-0"]
[WhiteElo "2222"]
[BlackElo "2557"]
[PlyCount "95"]
[EventDate "2001.??.??"]

1. e4 c5 2. Nc3 Nc6 3. f4 g6 4. Nf3 Bg7 5. d3 f5 6. g3 Bxc3+ 7. bxc3 fxe4 8.
dxe4 d6 9. Bg2 Bg4 10. h3 Bxf3 11. Qxf3 Nh6 12. O-O O-O 13. Qd3 Nf7 14. h4 e6
15. Bh3 Qe7 16. c4 e5 17. f5 gxf5 18. exf5 Qf6 19. Qe4 Kh8 20. Bd2 Rae8 21.
Rab1 Rb8 22. Be1 Qd8 23. g4 Qd7 24. g5 Nd4 25. Bg2 Qa4 26. c3 Nc2 27. Bf2 b6
28. Rbc1 Na3 29. g6 Nd8 30. Qg4 Qd7 31. h5 Nb7 32. Be3 Rg8 33. Bh6 Na5 34. Qg5
N5xc4 35. f6 hxg6 36. hxg6 Rxg6 37. Qxg6 Rg8 38. Bg7+ Rxg7 39. fxg7+ Qxg7 40.
Qe8+ Kh7 41. Rf7 Kh6 42. Rxg7 Kxg7 43. Rf1 Kh6 44. Rf6+ Kg5 45. Qg6+ Kh4 46.
Qh6+ Kg4 47. Bf3+ Kg3 48. Qh2# {Hossa checkmated} 1-0

[Event "ICS rated blitz match"]
[Site "204.178.125.65"]
[Date "2001.09.24"]
[Round "?"]
[White "Polloman"]
[Black "Hossa"]
[Result "0-1"]
[WhiteElo "2019"]
[BlackElo "2529"]
[PlyCount "118"]
[EventDate "2001.??.??"]

1. e4 e5 2. Nf3 Nc6 3. Bb5 a6 4. Ba4 Nf6 5. Qe2 b5 6. Bb3 Be7 7. c3 O-O 8. O-O
d5 9. exd5 Na5 10. d3 Bg4 11. Nbd2 Nxb3 12. axb3 Re8 13. h3 Bh5 14. Ne4 Qxd5
15. c4 Qd7 16. Be3 Bxf3 17. Qxf3 Qxd3 18. Nxf6+ Bxf6 19. Qc6 Reb8 20. Rxa6 Rxa6
21. Qxa6 bxc4 22. bxc4 Rxb2 23. Qa8+ Qd8 24. Qxd8+ Bxd8 25. Rd1 Bf6 26. Rd7 Rb7
27. c5 h6 28. c6 Rb1+ 29. Kh2 e4 30. g3 Be5 31. Bf4 Bxf4 32. gxf4 g6 33. Rxc7
Kg7 34. Re7 Kf6 35. Rxe4 Rc1 36. Kg3 Rxc6 37. f3 Rc1 38. Re2 Rg1+ 39. Kf2 Rd1
40. Ra2 Kf5 41. Ra4 h5 42. Kg3 Rg1+ 43. Kf2 Rb1 44. Kg3 Re1 45. Ra5+ Kf6 46. f5
g5 47. f4 Re3+ 48. Kf2 gxf4 49. Rb5 Rxh3 50. Ra5 Rg3 51. Rb5 h4 52. Rc5 h3 53.
Rb5 h2 54. Rb6+ Kg7 55. Rg6+ fxg6 56. f6+ Kxf6 57. Kf1 h1=Q+ 58. Kf2 Qh2+ 59.
Kf1 Rg1# {Polloman checkmated} 0-1

[Event "ICS rated blitz match"]
[Site "204.178.125.65"]
[Date "2001.09.24"]
[Round "?"]
[White "Hossa"]
[Black "HangerOn"]
[Result "0-1"]
[WhiteElo "2531"]
[BlackElo "2845"]
[PlyCount "180"]
[EventDate "2001.??.??"]

1. d4 d5 2. Nf3 Nf6 3. c4 e6 4. g3 Be7 5. cxd5 exd5 6. Bg2 O-O 7. Nc3 c6 8. O-O
Nbd7 9. Bf4 Re8 10. Qd3 Nb6 11. Ng5 g6 12. Nf3 Bf5 13. Qd1 Ne4 14. Nxe4 dxe4
15. Ne1 Nd5 16. Bc1 Qd7 17. Bh6 Qe6 18. Qd2 Qf6 19. Be3 Bb4 20. Qd1 Nxe3 21.
fxe3 Qg5 22. Nc2 Ba5 23. Rf2 Re6 24. Na3 Rf6 25. Nc4 Bc7 26. Qb3 b5 27. Nd2 Re8
28. Raf1 Rfe6 29. Qc3 R8e7 30. b4 h5 31. Nb3 h4 32. gxh4 Qxh4 33. Rf4 Qh5 34.
R1f2 Bxf4 35. Rxf4 Qxe2 36. Nc5 Rf6 37. a3 Kg7 38. Qc1 Kf8 39. Rf2 Qc4 40. Rc2
Qd5 41. Qe1 Kg7 42. Qh4 Re8 43. Rf2 Rh8 44. Qg3 Rh5 45. Qe5 Rh4 46. Qg3 Rg4 47.
Qe5 Qc4 48. h3 Qc1+ 49. Kh2 Rxg2+ 50. Rxg2 Qxe3 51. Rg3 Qd2+ 52. Rg2 Qe3 53.
Rg3 Qf2+ 54. Rg2 e3 55. Na6 Be6 56. Nc7 Bd7 57. d5 Qf4+ 58. Qxf4 Rxf4 59. Kg3
Rc4 60. d6 Rc3 61. Kf4 Rxa3 62. Rh2 Rb3 63. Na6 Rd3 64. h4 Rd2 65. Rh1 e2 66.
Re1 Rd4+ 67. Ke3 Rxd6 68. Rxe2 Re6+ 69. Kd2 Rxe2+ 70. Kxe2 Kf6 71. Nb8 Ke6 72.
Ke3 Kd6 73. Na6 Kd5 74. Nc5 Be6 75. Kf4 Kc4 76. Ke5 Kxb4 77. Nxe6 fxe6 78. Kf6
Kc3 79. Kxg6 b4 80. Kg7 b3 81. h5 b2 82. Kf7 b1=Q 83. Kxe6 Qh7 84. Kd6 Qxh5 85.
Ke7 Kc4 86. Kf6 Kd5 87. Ke7 Qf5 88. Kd8 Kd6 89. Ke8 a5 90. Kd8 Qd7# {
Hossa checkmated} 0-1

[Event "ICS rated blitz match"]
[Site "204.178.125.65"]
[Date "2001.09.24"]
[Round "?"]
[White "Prophylax"]
[Black "Hossa"]
[Result "0-1"]
[WhiteElo "2200"]
[BlackElo "2526"]
[PlyCount "48"]
[EventDate "2001.??.??"]

1. e4 e6 2. Nf3 d5 3. e5 c5 4. c3 Nc6 5. d4 Bd7 6. Be2 cxd4 7. cxd4 f6 8. O-O
fxe5 9. dxe5 Bc5 10. Bg5 Nge7 11. Nbd2 Bb6 12. a3 Bc7 13. Re1 h6 14. Bh4 O-O
15. Bd3 Qe8 16. Rc1 Nf5 17. Bg3 Nxg3 18. hxg3 Qh5 19. b4 Bb6 20. b5 Ne7 21. Bb1
Bxb5 22. Qc2 Nf5 23. Nb3 Nxg3 24. Qh7+ Kf7 {Prophylax resigns} 0-1

[Event "ICS rated blitz match"]
[Site "204.178.125.65"]
[Date "2001.09.24"]
[Round "?"]
[White "Hossa"]
[Black "Prophylax"]
[Result "1-0"]
[WhiteElo "2530"]
[BlackElo "2196"]
[PlyCount "135"]
[EventDate "2001.??.??"]

1. d4 Nf6 2. c4 g6 3. Nc3 d5 4. cxd5 Nxd5 5. e4 Nxc3 6. bxc3 Bg7 7. Be3 O-O 8.
Nf3 c5 9. Bc4 Bg4 10. Rc1 Nc6 11. d5 Ne5 12. Be2 Qa5 13. Nxe5 Bxe2 14. Qxe2
Bxe5 15. Qd2 c4 16. f4 Bd6 17. Rb1 b5 18. O-O Rfc8 19. Rf3 Rab8 20. e5 Bc5 21.
Bxc5 Rxc5 22. d6 exd6 23. exd6 b4 24. Rxb4 Rxb4 25. cxb4 Rd5 26. bxa5 Rxd2 27.
Rc3 Rxd6 28. Rxc4 Rd2 29. Rc7 a6 30. Rc6 Rxa2 31. Rxa6 h5 32. Ra8+ Kg7 33. a6
Kf6 34. Ra7 Kg7 35. h4 Kf6 36. Kh2 Ke6 37. Kh3 Kf6 38. Kg3 Ra3+ 39. Kf2 Ke6 40.
g3 Kf6 41. Kg2 Ke6 42. Kh2 Kf6 43. Ra8 Ke6 44. Kh3 Kf6 45. Ra7 Ke6 46. Kg2 Kf6
47. f5 gxf5 48. Ra8 Ke6 49. a7 Kf6 50. Kf2 Ra4 51. Ke3 Ra3+ 52. Kd4 Ra5 53. Kc4
f4 54. Kb4 Ra1 55. gxf4 Kf5 56. Kb5 Kxf4 57. Kb6 f5 58. Rg8 Rxa7 59. Kxa7 Ke3
60. Re8+ Kf3 61. Kb6 f4 62. Kc5 Kg3 63. Rg8+ Kxh4 64. Kd4 f3 65. Ke3 Kh3 66.
Kxf3 h4 67. Rh8 Kh2 68. Rxh4+ {Prophylax resigns} 1-0

[Event "ICS rated blitz match"]
[Site "204.178.125.65"]
[Date "2001.09.24"]
[Round "?"]
[White "Prophylax"]
[Black "Hossa"]
[Result "0-1"]
[WhiteElo "2192"]
[BlackElo "2534"]
[PlyCount "96"]
[EventDate "2001.??.??"]

1. e4 e5 2. Nf3 Nc6 3. Bb5 a6 4. Ba4 Nf6 5. O-O Nxe4 6. d4 b5 7. Bb3 d5 8. dxe5
Be6 9. Nbd2 Nc5 10. c3 Bg4 11. h3 Bh5 12. Re1 Be7 13. Bc2 O-O 14. Nf1 d4 15.
cxd4 Bxf3 16. Qxf3 Nxd4 17. Qd1 Nxc2 18. Qxc2 Qd3 19. Qe2 Qxe2 20. Rxe2 Nd3 21.
Be3 Rfd8 22. Rd1 Rd7 23. Red2 Rad8 24. f4 Rd5 25. b3 Bb4 26. Rc2 Nxf4 27. Rxd5
Nxd5 28. Bc5 Bc3 29. a4 Bxe5 30. axb5 axb5 31. Rd2 f5 32. Ne3 Bf4 33. Rd3 Bxe3+
34. Bxe3 Kf7 35. Bc5 Ke6 36. Kf2 g5 37. Rd1 Re8 38. Kf3 Nc3 39. Re1+ Ne4 40.
Be3 Kd5 41. Rd1+ Kc6 42. Rc1+ Kb7 43. g4 f4 44. Bd4 Nd2+ 45. Kf2 Nxb3 46. Rd1
Rd8 47. Rb1 Nxd4 48. h4 Ra8 {Prophylax resigns} 0-1

[Event "ICS rated blitz match"]
[Site "204.178.125.65"]
[Date "2001.09.24"]
[Round "?"]
[White "Hossa"]
[Black "Prophylax"]
[Result "1-0"]
[WhiteElo "2538"]
[BlackElo "2188"]
[PlyCount "63"]
[EventDate "2001.??.??"]

1. d4 d5 2. e3 Bf5 3. c4 c6 4. cxd5 cxd5 5. Nf3 Qb6 6. Nc3 e6 7. Nh4 Bg6 8. Be2
Nf6 9. Bd2 Nc6 10. Rc1 Bd6 11. Nb5 Be7 12. Nxg6 hxg6 13. Nc3 Bd6 14. g3 a6 15.
Na4 Qd8 16. Bf3 Qe7 17. Nb6 Rd8 18. Bg2 Ne4 19. Bxe4 dxe4 20. Qc2 f5 21. Bc3
Nb4 22. Bxb4 Bxb4+ 23. Kf1 Qd6 24. Qa4+ Kf7 25. Nc4 Qe7 26. Ne5+ Kf6 27. g4 g5
28. Ke2 Bd6 29. Qa5 f4 30. exf4 gxf4 31. g5+ Kxg5 32. Nc6+ {Prophylax resigns}
1-0

[Event "ICS rated blitz match"]
[Site "204.178.125.65"]
[Date "2001.09.24"]
[Round "?"]
[White "segundo"]
[Black "Hossa"]
[Result "0-1"]
[WhiteElo "2019"]
[BlackElo "2542"]
[PlyCount "64"]
[EventDate "2001.??.??"]

1. d4 Nf6 2. Nf3 e6 3. Bg5 Be7 4. Nbd2 d5 5. e3 h6 6. Bf4 c5 7. c3 cxd4 8. exd4
Nc6 9. Bd3 Nh5 10. Be3 Bd6 11. g3 Nf6 12. Qe2 Bd7 13. Bf4 Bxf4 14. gxf4 Qe7 15.
Ne5 O-O-O 16. b4 g6 17. Nb3 Nh5 18. Qe3 Qf6 19. b5 Nb8 20. c4 Nxf4 21. Bf1 dxc4
22. Rc1 Bxb5 23. Na5 Nc6 24. Naxc4 Kb8 25. Rb1 Nxd4 26. Qe4 Bc6 27. Nxc6+ Nxc6
28. Bg2 Nd3+ 29. Qxd3 Rxd3 30. Bxc6 Qc3+ 31. Kf1 Qxc4 32. Rxb7+ Kc8 {
segundo resigns} 0-1

[Event "ICS rated blitz match"]
[Site "204.178.125.65"]
[Date "2001.09.24"]
[Round "?"]
[White "segundo"]
[Black "Hossa"]
[Result "0-1"]
[WhiteElo "2016"]
[BlackElo "2545"]
[PlyCount "36"]
[EventDate "2001.??.??"]

1. e4 e6 2. d4 d5 3. Nc3 Be7 4. Nf3 dxe4 5. Nxe4 Nf6 6. Nxf6+ Bxf6 7. Bd3 Nc6
8. c3 e5 9. O-O exd4 10. Re1+ Be6 11. cxd4 Nxd4 12. Nxd4 Qxd4 13. Qc2 O-O-O 14.
Be4 Qc4 15. Qb1 Bd5 16. Bf5+ Kb8 17. Be3 Qb5 18. a4 Qxb2 {segundo resigns} 0-1